Normal view
MARC view
- BUILDINGS MECHANICAL EQUIPMENT HANDBOOK MANUALS BUILDINGS ELECTRIC EQUIPMENT HANDBOOK MANUALS
Entry Topical Term
001 - CONTROL NUMBER
- control field: 66299
003 - CONTROL NUMBER IDENTIFIER
- control field: NUST
005 - DATE AND TIME OF LATEST TRANSACTION
- control field: 20210628203551.0
008 - FIXED-LENGTH DATA ELEMENTS
- fixed length control field: 210628|| aca||aabn | a|a d
040 ## - CATALOGING SOURCE
- Original cataloging agency: NUST
- Transcribing agency: NUST
150 ## - HEADING--TOPICAL TERM
- Topical term or geographic name entry element: BUILDINGS MECHANICAL EQUIPMENT HANDBOOK MANUALS BUILDINGS ELECTRIC EQUIPMENT HANDBOOK MANUALS
670 ## - SOURCE DATA FOUND
- Source citation: Work cat.: (NUST): MUELLER, J. F 66298, STANDARDS MECHANICAL AND ELECTRICAL DETAILS, 1981
